书目信息 |
| 书名: | MISSING | |
| 作者: | Susan Lewis | |
| 分册号: | ||
| 分册名: | 出版地: | London |
|
| 出版社: | arrow books | |
| 出版时间: | 2010 | |
| 页数: | 449p | |
| 开本: | 22cm | |
| 丛书名: | ||
| 中图分类号: | ||
| 科图分类号: | ||
| 其他分类号: | I712.54 | |
| 主题词: | ||
| 电子资源: | ||
| 000 | 00464nam0 2200193 450 | |
| 001 | 052012176248 | |
| 005 | 20121107102532.0 | |
| 008 | 20021229d1997 em y0chiy0121 ea | |
| 020 | @a978-0-434-01459-0@c$24.95 | |
| 041 | @aeng | |
| 091 | @aI712.54 | |
| 099 | @dI712.54@eSU81 | |
| 100 | @aSusan Lewis | |
| 245 | 10 | @aMISSING@cSusan Lewis |
| 260 | @aLondon@barrow books@c2010 | |
| 300 | @a449p@c22cm | |
| 521 | @aMISSING | |
| 905 | @b5892-3 | |
| 905 | @aTSG@dI712.54@eSU81 | |
| MISSING / Susan Lewis.-London : arrow books , 2010 |
| 449p ; 22cm |
| MISSING |
| ISBN 978-0-434-01459-0$24.95 |
| ● |
| 相关链接 |
|
|
|
正题名:MISSING
索取号:I712.54/SU81
 
预约/预借
| 序号 | 登录号 | 条形码 | 馆藏地/架位号 | 状态 | 备注 |
| 1 | 5892 | 300058924 | 文学库116/400A自科库 24排3列1层/ [索取号:I712.54/SU81] | 在馆 | |
| 2 | 5893 | 300058933 | 文学库116/400A自科库 24排3列1层/ [索取号:I712.54/SU81] | 在馆 |